| 000 | 00741cab a2200229 4500 | ||
|---|---|---|---|
| 001 | ABS49515 | ||
| 008 | 090401t1993 xxu||||| |||| 00| 0 eng d | ||
| 035 | _a(Sirsi) u71666 | ||
| 041 | _aeng | ||
| 100 | _aHowe, M. | ||
| 245 | _aAssumptions of fitness for immediate occupation and use | ||
| 260 | _c1993 | ||
| 350 | _a0 | ||
| 490 |
_aEstates Gazette _v(9339) 2 October 1993, 118-119(2) |
||
| 520 | _aDiscusses recent case law on the meaning of the common rent review assumption that premises are to be assumed to be `fit for immediate occupation and use`. | ||
| 650 | _aASSUMPTIONS | ||
| 650 | _aFIT FOR OCCUPATION | ||
| 650 | _aRENT REVIEWS | ||
| 690 | _aLANDLORD AND TENANT-RENT REVIEWS | ||
| 942 | _n0 | ||
| 948 | _c04/03/1997 | ||
| 999 |
_c45212 _d45212 |
||